Spray finishing made simple
Salvato in:
| Autore principale: | |
|---|---|
| Natura: | Libro |
| Lingua: | inglese |
| Pubblicazione: |
Newton
The Taunton Press
2010
|
| Edizione: | 1a. ed |
| Soggetti: | |
| Tags: |
Aggiungi Tag
Nessun Tag, puoi essere il primo ad aggiungerne!!
|
MARC
| LEADER | 00000cam a2200000 a 4500 | ||
|---|---|---|---|
| 001 | UCE4568 | ||
| 003 | CL-VaPUC | ||
| 008 | 141030e20100000us |||||||||||||||||eng|d | ||
| 020 | |a 9781600850929 | ||
| 082 | 0 | 4 | |a 684.08 |b JEW |2 21 |
| 100 | 0 | |a Jewitt, Jeff |e author |9 577121 | |
| 245 | 1 | 0 | |a Spray finishing made simple |
| 250 | |a 1a. ed | ||
| 300 | |a 124 p | ||
| 942 | |c BK | ||
| 945 | |d 20141030 14:13:00 |a arojas | ||
| 260 | |a Newton |b The Taunton Press |c 2010 | ||
| 500 | |a Incluye DVD de acompañamiento paso a paso | ||
| 650 | 0 | |a Madera |9 262357 | |
| 650 | 7 | |a MUEBLES DE MADERA |2 CL-VaPUC |9 577122 | |
| 650 | 7 | |a MADERA DE CONSTRUCCION |2 CL-VaPUC |9 337364 | |
| 583 | |a last modification |c 20141030 14:13:00 |k Rodrigo Vera | ||
| 999 | |c 357470 |d 357468 | ||
| 952 | |0 0 |1 0 |3 erb |4 0 |6 684_080000000000000_JEW_2010 |7 0 |8 F |9 465472 |a BIBARQ |b BIBARQ |i 5121825 |o 684.08 JEW 2010 |p 5121825 |r 2025-01-20 |w 2019-11-23 |y BK_F |z Catalogado en:20141030 |k ARQ | ||
| 952 | |0 0 |1 0 |3 dx |4 0 |6 684_080000000000000_JEW_2010 |7 0 |8 F |9 465473 |a BIBARQ |b BIBARQ |i 5121833 |o 684.08 JEW 2010 |p 5121833 |r 2025-01-20 |w 2019-11-23 |y BK_F |z Catalogado en:20141030 |k ARQ | ||